LEADER 00766nam0-2200265 --450 001 9910309358303321 005 20190218112939.0 010 $a978-88-6705-168-7 100 $a20190218d2014----kmuy0itay5050 ba 101 $aita 102 $aIT 105 $a 001yy 200 1 $a<>fenomeno open data$eindicazioni e norme per un mondo di dati aperti$fa cura di Simone Aliprandi 210 $aMilano$cLedizioni$d2014 215 $aVIII, 105 p.$d22 cm. 610 0 $aOpen data 676 $a025.042$v23$zita 702 1$aAliprandi,$bSimone 801 0$aIT$bUNINA$gREICAT$2UNIMARC 901 $aBK 912 $a9910309358303321 952 $a60 025.042 ALIS 2014$b025.042$fFAGBC 959 $aFAGBC 996 $aFenomeno open data$91545690 997 $aUNINA LEADER 01346nam0 22003371i 450 001 UON00379964 005 20231205104522.289 010 $a88-06-05610-7 100 $a20100408d1983 |0itac50 ba 101 $aita 102 $aIT 105 $a|||| ||||| 200 1 $aLibro blu e Libro marrone$fLudwig Wittgenstein$gedizione italiana a cura di Amedeo G. Conte$gintroduzione di Aldo Gargani 210 $aTorino$cG. Einaudi$d1983 215 $aLXVI, 240 p.$d21 cm. 312 $aTit. orig.$9UON00379965 410 1$1001UON00066174$12001 $aEinaudi paperbacks$v146 500 0$3UON00379965$aˆThe ‰Blue and Brown Books$921979 606 $aFilosofia$xSec. 20.$3UONC006153$2FI 620 $aIT$dTorino$3UONL000014 676 $a149.94$cSistemi e dottrine filosofiche. Filosofie linguistiche$v21 700 1$aWittgenstein$bLudwig$3UONV050373$051308 702 1$aCONTE$bAmedeo G.$3UONV138527 702 1$aGargani$bAldo G.$3UONV104704 712 $aEinaudi$3UONV246211$4650 801 $aIT$bSOL$c20250606$gRICA 899 $aSIBA - SISTEMA BIBLIOTECARIO DI ATENEO$2UONSI 912 $aUON00379964 950 $aSIBA - SISTEMA BIBLIOTECARIO DI ATENEO$dSI FS 03817 $eSI FP 2114 5 996 $aBlue and Brown Books$921979 997 $aUNIOR